5HLuxD.jpg

KING HENRY VIII SENIOR AND PRIMARY SCHOOL LIBRARY OPAC

EASY STEPS TO CHINESE FOR KIDS 1 (2ND EDITION) (Record no. 5351)

000 -LEADER
fixed length control field 00413nam a22001217a 4500
008 - FIXED-LENGTH DATA ELEMENTS--GENERAL INFORMATION
fixed length control field 250909b ||||| |||| 00| 0 eng d
020 ## - INTERNATIONAL STANDARD BOOK NUMBER
International Standard Book Number 9787561962992
082 ## - DEWEY DECIMAL CLASSIFICATION NUMBER
Classification number 495.183 MA
100 ## - MAIN ENTRY--PERSONAL NAME
Personal name MA,YAMIN
Relator term AUTHOR
Language of a work MANDARIN
245 ## - TITLE STATEMENT
Title EASY STEPS TO CHINESE FOR KIDS 1 (2ND EDITION)
260 ## - PUBLICATION, DISTRIBUTION, ETC.
Place of publication, distribution, etc. NO.15 XUEYUAN ROAD,HAIDIAN DISTRICT,BEIJING, CHINA 100083
Name of publisher, distributor, etc. BEIJING LANGUAGE&CULTURE UNIVERSITY PRESS
Date of publication, distribution, etc. 2023
942 ## - ADDED ENTRY ELEMENTS (KOHA)
Source of classification or shelving scheme
Holdings
Withdrawn status Lost status Source of classification or shelving scheme Damaged status Not for loan Collection code Permanent Location Current Location Shelving location Date acquired Full call number Barcode Date last seen Price effective from Koha item type Public note
          Teaching Resources KH8 Primary School Library KH8 Primary School Library Staff Office 2025-09-09 495.183 MA KHPL000008013 2025-09-09 2025-09-09 Teaching Resources KH8 MANDARIN PRIMARY

Powered By KH8 IT Dept